000 00536nam a2200181Ia 4500
003 LDD
008 181101s9999 xx 000 0 und d
020 _a9789380182742
_c160.00
040 _cLDD
100 _aChughati, Mirza Azeem Baig
245 0 _aShareer biwi(humerous novel)
_cMirza Azeem Baig Chughati
260 _aNew Delhi
_bTakhleeqkar Publishers
_c2013
300 _a176p.
901 _a15921
_b17-03-2017
902 _a2841
_b17-03-2017
_cF
_dPIBD
_e8U
903 _a20
_bReqst by : Mohd. Akbar
942 _2ddc
_cUR
999 _c251
_d251